Co zabezpieczamy przed małymi dziećmi? - Statystyki

Ogólne statystyki
  • Ten quiz został rozwiązany 16 razy
  • Średni wynik to 2 z 7
Statystyki odpowiedzi
Odpowiedź % Poprawnych
Kontakty
50%
Leki
43%
Szafki
29%
Chemię
21%
Piekarnik
21%
Kuchenkę Gazową | Elektryczną
7%
Stoły
0%
Nie znaleziono quizów pasujących do podanych kryteriów
Rozkład punktacji
Procent ludzi z każdym wynikiem
Percentyl według liczby udzielonych odpowiedzi
Twoja historia wyników
Nie rozwiązałeś tego quizu